000 01158nam0a2200301 4500
001 RU\NLR\BIBL_A\012584512
005 20210831151658.0
010 _a978-5-00169-385-7
_92000
021 _aRU
_bКН-П-21-026189
_9КН-П-21-2020
035 _a(NLR Aleph) 012584512
090 _a12532675
_c12532675
100 _a20210824d2021 u y0rusy50 ca
101 0 _arus
102 _aRU
105 _aa|||z|||000zy
200 1 _aПомнить все
_eпрактическое руководство по развитию памяти
_fАртур Думчев
205 _a6-е изд., доп.
210 _aМосква
_cМанн, Иванов и Фербер
_d2021
215 _a185 , [7] с.
_cил., табл.
_d22
300 _aНа обл.: Доп. изд.
333 _a16+
606 1 _aПамять
_xРазвитие
_jПрактические пособия
_2nlr_sh1
_2nlr_sh2
_3RU\NLR\AUTH\66819162
686 1 _aЮ935.12я7
700 1 _aДумчев
_bА. А.
_gАртур Александрович
942 _cBOOK
980 _aNB